000 00495nam a22001937a 4500
003 OSt
005 20140310181735.0
008 130319t xxu||||| |||| 00| 0 eng d
020 _a9789717891644
050 _a BF698
_b.L54 1992
082 _a BF698
_b.L717 1992
245 _aPersonality plus
_cFlorence Littauer
260 _aTarrytown, N.Y.
_bF.H. Revell Co.
_c1992
300 _a 183 p.
_c21 cm.
521 _aTeachers
541 _j1
562 _e1
942 _2lcc
_cBK-TR
_kTR
999 _c2545
_d2545